Bad Smelling Foods 1 - Statistics

General Stats
  • This quiz has been taken 49 times
  • The average score is 4 of 8
Answer Stats
Picture Answer % Correct
Fish
86%
Asparagus
83%
Durian
83%
Brussel sprouts
67%
Kimchi
64%
Century egg
31%
Hakarl
10%
Surstromming
10%
No matching quizzes found
Score Distribution
Percent of People with Each Score
Percentile by Number Answered
Your Score History
You have not taken this quiz